Natural rubber against natural calamity (Record no. 63463)

MARC details
000 -LEADER
fixed length control field 00432nam a2200169Ia 4500
100 ## - MAIN ENTRY--AUTHOR NAME
Personal name Gopalakrishnana K S
245 #0 - TITLE STATEMENT
Title Natural rubber against natural calamity
260 ## - PUBLICATION, DISTRIBUTION, ETC. (IMPRINT)
Name of publisher Planters Chronicle
Year of publication 2001
300 ## - PHYSICAL DESCRIPTION
Number of Pages 319-323
650 ## - SUBJECT ADDED ENTRY--TOPICAL TERM
Topical Term Base isolation
650 ## - SUBJECT ADDED ENTRY--TOPICAL TERM
Topical Term Calamity
650 ## - SUBJECT ADDED ENTRY--TOPICAL TERM
Topical Term Earthquake
650 ## - SUBJECT ADDED ENTRY--TOPICAL TERM
Topical Term Natural rubber
650 ## - SUBJECT ADDED ENTRY--TOPICAL TERM
Topical Term Seismic isolation
942 ## - ADDED ENTRY ELEMENTS (KOHA)
Koha item type Journals
Holdings
Withdrawn status Lost status Damaged status Not for loan Home library Current library Shelving location Date acquired Serial Enumeration / chronology Koha item type
      Journals RRII Library RRII Library Rubber general 17/12/2021 Volume 97, Issue 8 Journals